| 000 | 00935nam a22002651u 4500 | ||
|---|---|---|---|
| 001 | 12327 | ||
| 003 | HDC | ||
| 007 | cr bn --- | ||
| 008 | 210209p2001 my eng | ||
| 040 | _aHDC | ||
| 100 |
_aMohd. Norowi Hamid, _eauthor _912892 |
||
| 245 | 0 |
_aSimulation of brown planthopper damage mechanism on rice / _cby Mohd. Norowi Hamid |
|
| 260 |
_aSerdang : _bMalaysian Agricultural Research and Development Institute (MARDI), _c2001 |
||
| 300 | _a1 page | ||
| 336 |
_atext _2rdacontent |
||
| 337 |
_acomputer _2rdamedia |
||
| 338 |
_aonline resource _2rdacarrier |
||
| 650 |
_aBrown planthopper _912894 |
||
| 650 |
_aDamage mechanism _912895 |
||
| 650 |
_aSimulation model _912893 |
||
| 856 | _zRequest full-text at [email protected] | ||
| 942 | _2lcc | ||
| 942 | _cAR | ||
| 942 | _kJART 003097 | ||
| 999 |
_c9650 _d9650 |
||